| 000 | 00558nam a2200217Ia 4500 | ||
|---|---|---|---|
| 008 | 160819s9999 xx 000 0 und d | ||
| 020 | _a1-4018-3711-5 | ||
| 050 | _aCUL TP 548 | ||
| 050 | _b.H46 2007 | ||
| 100 | _aHenderson, J. Patrick. | ||
| 245 | _aAbout wine / | ||
| 245 | _cJ. Patrick Hendrick, Dellie Rex. | ||
| 260 | _aNew York : | ||
| 260 | _bThomson Delmar Learning, | ||
| 260 | _c2007 | ||
| 300 | _a562 pages : | ||
| 300 | _bcolor illustrations ; | ||
| 300 | _c28 cm. | ||
| 500 | _aIncludes index. | ||
| 650 | _aWine and wine making. | ||
| 999 |
_c300644 _d300644 |
||